The Divine Mentor: Growing Your Faith as You Sit at the Feet of the Savior/ (Record no. 49492)
| 000 -LEADER | |
|---|---|
| fixed length control field | 01056nam a2200133 4500 |
| 020 ## - INTERNATIONAL STANDARD BOOK NUMBER | |
| International Standard Book Number | 9780764205798 |
| 100 ## - MAIN ENTRY--PERSONAL NAME | |
| Personal name | Cordeiro, Wayne, |
| Relator term | auhtor. |
| 9 (RLIN) | 86652 |
| 245 ## - TITLE STATEMENT | |
| Title | The Divine Mentor: Growing Your Faith as You Sit at the Feet of the Savior/ |
| Statement of responsibility, etc | by Wayne Cordeiro. |
| 260 ## - PUBLICATION, DISTRIBUTION, ETC. (IMPRINT) | |
| Place of publication, distribution, etc | Minnesota ; |
| Name of publisher, distributor, etc | Bethany House Publishers : |
| Date of publication, distribution, etc | October 1, 2008 ; |
| 300 ## - PHYSICAL DESCRIPTION | |
| Extent | 240 pages. |
| Dimensions | 5.5 x 0.55 x 8.38 inches. |
| 500 ## - GENERAL NOTE | |
| General note | Many believers settle for a spiritual routine that lacks God's presence. But what they truly want, and truly need, is a dynamic, vital, and intimate relationship with God. Here Wayne Cordeiro gently but directly shows readers how to move from routine to relationship--from mundane actions to fresh encounters--by learning to hear Him speak to them through the Bible. Through stories, lessons, and anecdotes, Cordeiro equips readers to listen to the promptings of the Holy Spirit as they read God's Word, enabling them to transform their daily quiet time with the Lord. |
| 650 ## - SUBJECT ADDED ENTRY--TOPICAL TERM | |
| 9 (RLIN) | 83323 |
| Topical term or geographic name as entry element | Christian Life. Spiritual life - Christianity |
| 942 ## - ADDED ENTRY ELEMENTS (KOHA) | |
| Source of classification or shelving scheme | |
| Koha item type | Book |
| Withdrawn status | Lost status | Source of classification or shelving scheme | Damaged status | Not for loan | Home library | Current library | Date acquired | Total Checkouts | Full call number | Barcode | Date last seen | Date checked out | Price effective from | Koha item type |
|---|---|---|---|---|---|---|---|---|---|---|---|---|---|---|
| Logos International School | Logos International School | 09/03/2025 | 1 | 248.86 COR | 042957 | 10/07/2025 | 09/09/2025 | 09/03/2025 | Book |